| 000 | 01051cam a2200301 4500 | ||
|---|---|---|---|
| 005 | 20211029093400.0 | ||
| 008 | 081121s2008 sp ad frn 001 0dspa d | ||
| 020 | _a9788466638357 | ||
| 040 |
_aCOBoUCM _bspa _cJavier Garzón _dHenry Ríos |
||
| 041 | 0 | 0 | _aspa |
| 080 | _a616.89-008.434.5 | ||
| 100 | 1 |
_aWolf, Maryanne _953596 |
|
| 245 | 1 | 0 |
_aComo aprendemos a leer _cMaryanne Wolf ; traducción de Martín Rodríguez-Courel |
| 260 |
_aBarcelona (España) _bEdiciones B _c2008 |
||
| 300 |
_a335 páginas _bilustraciones y gráficas |
||
| 490 | 0 | _aNo ficción. Divulgación | |
| 500 | _aIncluye índice | ||
| 650 | 4 |
_aComprensión lectora _953597 |
|
| 650 | 7 |
_aCerebro _xEvolución _953598 |
|
| 650 | 7 |
_aDislexia _913415 |
|
| 650 | 7 |
_aPsicología de la lectura _922811 |
|
| 650 | 7 |
_aPsicología del aprendizaje _922817 |
|
| 690 |
_aPsicología _98001 |
||
| 700 | 1 |
_aRodríguez-Courel, Martín _etraductor _953599 |
|
| 765 | 0 | _aProust and the squid | |
| 942 |
_a9 _cLIBRO _e1 _mW853 _2DEWEY _h153.15 _n0 |
||
| 999 |
_c182686 _d182686 |
||